| 000 | 00679nam a2200217 i 4500 | ||
|---|---|---|---|
| 001 | 146323 | ||
| 003 | ES-MaACL | ||
| 005 | 20230906201508.0 | ||
| 007 | t| | ||
| 008 | 070906s1968 sp ||||1| spa d | ||
| 080 | _a387(467.11 B.) | ||
| 100 | 1 |
_aTrías Fargas, Ramón. _9111378 |
|
| 245 | 1 | 0 |
_aAnálisis económico del puerto de Barcelona / _cdirección Ramón Trías Fargas. |
| 260 |
_aMadrid : _bMoneda y Crédito, _c1968. |
||
| 300 |
_a341 p., 8 map. pleg. ; _c23 cm. |
||
| 500 | _aPrecede al tít.: Banco Urquijo. | ||
| 500 | _aFaltan p. 49-64. | ||
| 651 | 4 |
_aPuerto de Barcelona. _9155666 |
|
| 710 | 2 |
_aBanco Urquijo. _92138 |
|
| 852 |
_aES-MaACL _jB-8579 _bR.66541 |
||
| 999 |
_c146323 _d146323 |
||